000 01065cam a2200301 4500
001 WS117832
008 020503n 000 0 eng u
035 _a(Sirsi) u117832
110 _aInstitution of Surveyors Australia
_92571
245 _aInstitution of Surveyors Australia
520 _aWeb site for this Australian organisation representing surveyors, land information and spatial information professionals. Includes a brief history of surveying in Australia, definitions of different types of surveying and an overview of careers.
650 _aAUSTRALIA
650 _aINTERNATIONAL
650 _aORGANISATION
650 _aLAND INFORMATION
650 _aSPATIAL SCIENTISTS
650 _aCADASTRAL SURVEYING
650 _aHYDROGRAPHIC SURVEYING
650 _aMINING SURVEYING
650 _aGIS
650 _aGIS
650 _aPHOTOGRAMMETRY
650 _aREMOTE SENSING
650 _aGEODESY
690 _aGEOMATICS
_96242
856 4 0 _uhttps://www.isaust.org.au
_zView the website free of charge at www.isaust.org.au...
942 _n0
999 _c120033
_d120033